Rodové mzdové rozdiely medzi vysokoškolskými absolventami

Mnohí ekonómovia skúmali rozšírený fenomén rodovej nerovnosti v príjmoch. Rýchly rozvoj vzdelávania v posledných 40 rokoch mal významný vplyv na zmenšenie rodových rozdielov v príjmoch. Štúdia modeluje mzdové rozdiely medzi pohlaviami prostredníctvom exploratívnej štatistickej analýzy. Analýza ukáza...

Descrizione completa

Salvato in:
Dettagli Bibliografici
Autore principale: Kováč, Urban
Altri autori: Kováč Gerulová, Lukrécia, 1978-
Natura: Capitolo di libro
Lingua:slovacco
Soggetti:
Tags: Aggiungi Tag
Nessun Tag, puoi essere il primo ad aggiungerne!!

MARC

LEADER 00000naa$a2200000$$$4500
001 0290180
005 20240523105059.8
041 0 |a slo 
044 |a SK 
245 1 0 |a Rodové mzdové rozdiely medzi vysokoškolskými absolventami  |c Urban Kováč, Lukrécia Kováč Gerulová 
520 |a Mnohí ekonómovia skúmali rozšírený fenomén rodovej nerovnosti v príjmoch. Rýchly rozvoj vzdelávania v posledných 40 rokoch mal významný vplyv na zmenšenie rodových rozdielov v príjmoch. Štúdia modeluje mzdové rozdiely medzi pohlaviami prostredníctvom exploratívnej štatistickej analýzy. Analýza ukázala, že rodový mzdový rozdiel je významný medzi absolventami vysokých škôl významný. 
610 2 0 |a zamestnanie 
610 2 0 |a rovnosť rodová 
610 2 0 |a mzdy 
610 2 0 |a diskriminácia rodová 
610 2 0 |a ženy 
610 2 0 |a muži 
610 2 0 |a školy vysoké 
610 2 0 |a absolventi 
100 1 |a Kováč, Urban 
700 1 |a Kováč Gerulová, Lukrécia, 1978-